000
00310nam a2200121Ia 4500
008
190216s9999||||xx |||||||||||||| ||und||
100
_a
Agarwal An
245
0
_a
Objective And Short Answer Type Questions In Economics
260
_b
Young Man & Co
_c
1980
300
_a
247p
650
_a
Economics
942
_c
REF
999
_c
35581
_d
35581